Logo BPK

Biblioteka

Politechniki Koszalińskiej

Podpis elektroniczny / (Rekord nr 43350)

Szczegóły MARC
000 -ETYKIETA REKORDU
podpole kontrolne o stałej długości 00673nam a2200229 i 4500
001 - NUMER KONTROLNY REKORDU
pole kontrolne bg
020 ## - MIĘDZYNARODOWY ZNORMALIZOWANY NUMER KSIĄŻKI - ISBN
ISBN 837279295X
040 ## - ŹRÓDŁO KATALOGOWANIA
Instytucja, która utworzyła rekord BPK
041 0# - KOD JĘZYKA
Kod języka tekstu pol
080 ## - UNIWERSALNA KLASYFIKACJA DZIESIĘTNA - UKD
UKD 004.772:004.738.5
920 ## - Międzynarodowy znormalizowany numer książki – ISBN
ISBN 83-7279-295-X
008 - POLE O STAŁEJ DŁUGOŚCI - DANE KONTROLNE
podpole kontrolne o stałej długości s pl f |000 0 pol
100 1# - NAZWA OSOBOWA
Nazwa osobowa DĄBROWSKI, Włodzimierz
245 10 - TYTUŁ/ODPOWIEDZIALNOŚĆ
Tytuł Podpis elektroniczny /
Pozostałe elementy strefy tytułu i oznaczenia odpowiedzialności Włodzimierz Dąbrowski, Przemysław Kowalczuk.
260 ## - STREFA ADRESU WYDAWNICZEGO
Miejsce wydania Warszawa :
Nazwa wydawcy/dystrybutora "Mikom",
Data publikacji, dystrybucji/powstania dokumentu 2003.
300 ## - STREFA OPISU FIZYCZNEGO
Objętość 77, [1] s. :
Inne cechy fizyczne il ;
Rozmiary 24 cm.
504 ## - UWAGA DOTYCZĄCA BIBLIOGRAFII
Informacje o bibliografii Indeks.
650 #9 - HASŁO PRZEDMIOTOWE W FORMIE NAZWY OGÓLNEJ LUB JEDNOSTKOWEJ
Nazwa ogólna lub geograficzna Podpis elektroniczny
700 1# - HASŁO DODATKOWE - NAZWA OSOBOWA
Nazwa osobowa KOWALCZUK, Przemysław
856 ## - LOKALIZACJA I DOSTĘP DO ELEKTRONICZNYCH DOKUMENTÓW ZDALNYCH
Link (URL) http://koha.tu.koszalin.pl/cgi-bin/koha/opac-detail.pl?biblionumber=43350
Tekst linku Katalog online BPK
942 ## - DODATKOWE ELEMENTY (KOHA)
Typ dokumentu Książka
Egzemplarze
Wycofany Status egzemplarza Uszkodzony Dostępność Lokalizacja stała Lokalizacja bieżąca Miejsce przechowywania Sygnatura Kod kreskowy Dział Typ dokumentu
      Tylko na miejscu Biblioteka Politechniki Koszalińskiej Biblioteka Politechniki Koszalińskiej Czytelnia BG 68791 02011080 004.738.5 Internet Książka
© 2023 Biblioteka Politechniki Koszalińskiej :: KOHA